书目信息 |
| 题名: |
现代分析仪器维修手册
|
|
| 作者: | 王化正 , 李玉生 编著 | |
| 分册: | ||
| 出版信息: | 北京 航空工业出版社 1988.2 |
|
| 页数: | 472页 | |
| 开本: | 26厘米 | |
| 丛书名: | ||
| 单 册: | ||
| 中图分类: | TH74 | |
| 科图分类: | ||
| 主题词: | 光学仪器 | |
| 电子资源: | ||
| ISBN: | 7-80046-021-5 | |
| 000 | 00764nam0 2200253 45 | |
| 001 | 0189024971 | |
| 005 | 20040520170436.6 | |
| 010 | @a7-80046-021-5@dCNY7.20 | |
| 020 | @aCN@b89024971 | |
| 100 | @a19910905d1988 m y0chiy0120 ea | |
| 101 | 0 | @achi |
| 102 | @aCN@b110000 | |
| 105 | @ay g 000yy | |
| 106 | @ar | |
| 200 | 10 | @a现代分析仪器维修手册@Axian dai fen xi yi qi wei xiu shou ce@f王化正,李玉生编著@Fwang hua zheng , li yu sheng bian zhu |
| 210 | @a北京@c航空工业出版社@d1988.2 | |
| 215 | @a472页@d26厘米 | |
| 540 | 1 | @a分析仪器 维修@Afen xi yi qi wei xiu |
| 606 | 0 | @a光学仪器 |
| 690 | @aTH74 | |
| 701 | 0 | @a王化正@Awang hua zheng@4编著 |
| 701 | 0 | @a李玉生@Ali yu sheng@4编著 |
| 801 | 0 | @aCN@bNLC@c19910905 |
| 905 | @f2@b213310-311@dTH74@e22 | |
| 现代分析仪器维修手册/王化正,李玉生编著.-北京:航空工业出版社,1988.2 |
| 472页;26厘米 |
| ISBN 7-80046-021-5:CNY7.20 |
| ● |
| 相关链接 |
|
|
|
|
正题名:现代分析仪器维修手册
索取号:TH74/22
 
预约/预借
| 序号 | 登录号 | 条形码 | 馆藏地/架位号 | 状态 | 备注 |
| 1 | 0213310 | 001365980 | 第三借阅区/ [索取号:TH74/22] | 在馆 | |
| 2 | 0213311 | 001366060 | 密集书库/ [索取号:TH74/22] | 在馆 | |
| 3 | 0213312 | 001366024 | 第二样本阅览室/ [索取号:TH74/22] | 在馆 |